000 00722cab a2200229 4500
001 ABS56721
008 090401t1997 xxu||||| |||| 00| 0 eng d
035 _a(Sirsi) u77123
041 _aeng
245 _aCLA`s agenda for action on access
260 _c1997
350 _a0
490 _aRural Practice Bulletin
_vJanuary/February 1997, 11-12(2)
520 _aOutlines CLA proposals for action on access to the countryside, following the Access 2000 conference in November 1996.
650 _aACCESS 2000
650 _aACCESS TO THE COUNTRYSIDE
650 _aCOUNTRY LANDOWNERS ASSOCIATION
650 _aRIGHTS OF WAY
690 _aHIGHWAYS RIGHTS OF WAY AND EASEMENTS
942 _n0
948 _c17/03/1997
999 _c48478
_d48478